1844 1704 1583 1452 1145 1380 1459 1768 1126 1015 1229 1229 1929 1859 1192 1381 1321 1464 1297 1195 1934 1123 1610 1818 1677 1638 1733 1108 1246 1104 1129 1473 1571 1356 1855 1311 1127 1180 1324 1473 1831 1907 1979 1226 1983 1663 1817 1564 1073 1256 1471 1716 1001 1335 1894 1327 1919 1288 1249 1121 1845 1344 1921 1048 1828 1922 1873 1898 1534 1199 1040 1151 1760 1856 1955 1241 1762 1460 1493 1676 1815 1621 1236 1560 1751 1196 1286 1750 1789 1055 1583 1542 1882 1026 1512 1697 1300 1012 1837 BCNSPRNW ULIB Ver.6.0+V

เปลี่ยนเป็นภาษาไทย

Change to English
 แสดงรายละเอียดบรรณานุกรม
  กลับหน้าหลัก

Brief Record : Get Marc (ISO 2709) : E-mail record : QR code < ปิดหน้าต่าง
LEADER : 00000nam 2200000uu 4500
001    13399122142
003     ULIB
008    130104s2555||||th 000 0 tha d
020    ^a9789740328421
050  4 ^aBF139^bค237จ
100    ^aคัคนางค์ มณีศรี
245    ^aจิตวิทยาทั่วไป. =^bGeneral Psychology/^cคัคนางค์ มณีศรี
260    ^a^bคณะจิตวิทยา จุฬาลงกรณ์มหาวิทยาลัย,^c2555
300    ^a246 หน้า;^b26 ซม.
650  7 ^aจิตวิทยา
945    ^p220^l0^i19580
945    ^p220^l0^i19581
995    ^aกัณชพร
999    ^aกัณชพร
รายการนี้ยังไม่มีแท็ก
คุณยังไม่ได้ล็อกอิน คุณสามารถมีกิจกรรมร่วมกับเว็บไซต์ได้ แต่ต้องล็อกอินก่อน ::
  ล็อกอิน

รายการสื่อสารสนเทศ

ลำดับที่ ประเภท เลขเรียก/บาร์โค้ด สถานที่ สถานะ
1. วิทยาศาสตร์การแพทย์ และสุขภาพ
วิทยาศาสตร์การแพทย์ และสุขภาพ
BF139 ค237จ  
  Barcode: 19580
ห้องสมุดวิทยาเขตสวรรค์ประชารักษ์
►หนังสือทั่วไป
บนชั้น
2. วิทยาศาสตร์การแพทย์ และสุขภาพ
วิทยาศาสตร์การแพทย์ และสุขภาพ
BF139 ค237จ ฉ.2 
  Barcode: 19581
ห้องสมุดวิทยาเขตสวรรค์ประชารักษ์
►หนังสือทั่วไป
บนชั้น

รายการใกล้เคียง
    ผู้แต่ง [คัคนางค์ มณีศรี]

    หัวเรื่อง [จิตวิทยา]

BibComment


ยังไม่เคยถูกคอมเมนท์

คอมเมนท์ทรัพยากรรายการนี้
  คอมเมนท์: จิตวิทยาทั่วไป ..


 Copyright 2026. Bcnsprnw @Library